Introduction to the theory of computation

Saved in:
書目詳細資料
主要作者: Sipser, Michael
格式: 圖書
出版: Cengage
標簽: 添加標簽
沒有標簽, 成為第一個標記此記錄!

MARC

LEADER 00000nam a2200000Ia 4500
005 20260515061617.0
100 |a Sipser, Michael. 
020 |a 9788131525296 
942 |c BK 
245 |a Introduction to the theory of computation  
260 |b Cengage 
999 |c 53  |d 53 
952 |0 0  |1 0  |4 0  |7 0  |a ABDN  |b ABDN  |d 2026-05-15  |l 0  |p 000028  |r 2026-05-15 06:16:17  |w 2026-05-15  |y BK